Немецко-русский словарь по авиации и космонавтике: около 50000 терминов

Dades bibliogràfiques
Autor principal: Котик М. Г. Михаил Григорьевич
Altres autors: Рухадзе В. Г. Владимир Генторович
Idioma:rus
alemany
Publicat: Москва, Русский язык, 1984
Matèries:
Format: MixedMaterials Llibre
KOHA link:https://koha.lib.tpu.ru/cgi-bin/koha/opac-detail.pl?biblionumber=294508

MARC

LEADER 00000nam0a2200000 4500
001 294508
005 20231102000715.0
035 |a (RuTPU)RU\TPU\book\319581 
090 |a 294508 
100 |a 20150514d1984 m y0rusy50 ca 
101 0 |a rus  |a ger 
102 |a RU 
105 |a y e 000zy 
200 1 |a Немецко-русский словарь по авиации и космонавтике  |e около 50000 терминов  |f М. Г. Котик, В. Г. Рухадзе 
210 |a Москва  |c Русский язык  |d 1984 
215 |a 795 с. 
606 |a Немецкий язык  |x Параллельные словари  |2 stltpush  |3 (RuTPU)RU\TPU\subj\45384  |9 64627 
610 1 |a русский язык 
610 1 |a термины 
610 1 |a авиация 
610 1 |a космонавтика 
686 |a Ш143.24-48  |2 rubbk 
700 1 |a Котик  |b М. Г.  |g Михаил Григорьевич 
701 1 |a Рухадзе  |b В. Г.  |g Владимир Генторович 
801 1 |a RU  |b 63413507  |c 20150514 
801 2 |a RU  |b 63413507  |c 20180613  |g RCR 
942 |c BK